| 000 | 00400nam a2200145Ia 4500 | ||
|---|---|---|---|
| 008 | 100204s9999 xx 000 0 und d | ||
| 082 | _b21907 | ||
| 100 | _aHOWARD PYLE | ||
| 245 | _aTHE MERRY ADVENTURE OF ROBIN HOOD | ||
| 260 |
_b"WWORLD BOOK INC, CHICAGO" _c1988 |
||
| 300 | _a349 | ||
| 630 | _aTHE MERRY ADVENTURE OF ROBIN HOOD | ||
| 730 | _aTHE MERRY ADVENTURE OF ROBIN HOOD | ||
| 942 | _cBOOK | ||
| 999 |
_c467019 _d467016 |
||